| 000 | 02103nam a22002657a 4500 | ||
|---|---|---|---|
| 003 | Uzh_bibl | ||
| 008 | 250401b |||||||| |||| 00| 0 ukr d | ||
| 020 |
_a966-575-072-0 _c13.96 |
||
| 040 | _bукр. | ||
| 041 |
_2ukr _aukr |
||
| 080 | _a726.1(477) | ||
| 090 |
_a726.1(477) _bГ 59 |
||
| 100 | _aГодованюк, Олена | ||
| 245 |
_aМонастирі та храми Волинського краю _cРед. О. Гриценко _hТекст |
||
| 260 |
_aКиїв _bТехніка _c2004 |
||
| 300 |
_a176 с. _bІл. |
||
| 490 | _a "Національні святині України" | ||
| 520 | _aКнижку присвячено монастирям і храмам Волині - одного з найдавніших регіонів України, якому належить визначна роль у формуванні та розвитку української архітектури. Читач довідається про багатовікову складну історію цього краю, закарбовану, зокрема, в монументальних муровинах християнських святинях. Крім широко відомих монастирських ансамблів, які були осередками віри й просвітництва, та величних храмів, що збериглись і донині, згадаємо й про ті, що зараз вже не існують. Особливу увагу приділено збудованим у віддалених волинських селах церквам, виявленим і дослідженим автором протягом останніх десятиріч. | ||
| 521 | _aДля широкого кола читачі | ||
| 546 | _aукр. | ||
| 650 | _aНауково-популярне видання | ||
| 653 |
_aІсторія, архітектура. _aХрами, монастирі |
||
| 655 |
_aРелігія _vТуристичний путівник |
||
| 942 |
_2udc _cBK |
||
| 999 |
_c17423 _d17423 |
||